2 Letter ISO Country Codes - Guess Europe Countries - Statistics

General Stats
  • This quiz has been taken 11 times
  • The average score is 32 of 45
Answer Stats
Codes Countries % Correct
AL Albania
100%
AD Andorra
80%
BE Belgium
80%
BA Bosnia & Herzegovina
80%
CZ Czech Republic
80%
IT Italy
80%
XK Kosovo
80%
RU Russia
80%
AT Austria
70%
BY Belarus
70%
BG Bulgaria
70%
DK Denmark
70%
EE Estonia
70%
FI Finland
70%
FR France
70%
DE Germany
70%
HU Hungary
70%
IS Iceland
70%
IE Ireland
70%
LV Latvia
70%
LI Liechtenstein
70%
LT Lithuania
70%
LU Luxembourg
70%
MT Malta
70%
MD Moldova
70%
MC Monaco
70%
ME Montenegro
70%
NL Netherlands
70%
MK North Macedonia
70%
NO Norway
70%
PL Poland
70%
RO Romania
70%
SM San Marino
70%
RS Serbia
70%
SK Slovakia
70%
SI Slovenia
70%
ES Spain
70%
SE Sweden
70%
GB United Kingdom
70%
VA Vatican City
70%
HR Croatia
60%
GR Greece
60%
PT Portugal
60%
CH Switzerland
60%
UA Ukraine
60%
No matching quizzes found
Score Distribution
Percent of People with Each Score
Percentile by Number Answered
Your Score History
You have not taken this quiz